| 000 | 00711nam a22002177a 4500 | ||
|---|---|---|---|
| 999 |
_c13921 _d13921 |
||
| 003 | AR-CdUCM | ||
| 008 | 190411b ||||| |||| 00| 0 spa d | ||
| 040 |
_aMUNICIPALIDAD PROVINCIAL DEL CUSCO _cBIBLIOTECA MUNICIPAL DEL CUSCO |
||
| 082 |
_a581.985 / _bH56 / 1930 |
||
| 100 |
_aHerrera, Fortunato L. _931237 |
||
| 245 | _aEstudios sobre la flora del departamento del Cuzco / | ||
| 260 |
_aLima : _bSanmarti, _c1930. |
||
| 300 |
_a257 páginas ; _c20 cm. _bIlustraciones, |
||
| 500 | _aPlantarum cuzcorum herrerarianum. | ||
| 505 | _aContenido : Familias -- Géneros. | ||
| 650 |
_aBotánica _92790 |
||
| 650 |
_aFamilia _92366 |
||
| 650 |
_aGenero _91111 |
||
| 942 |
_2ddc _cLIBROS |
||
| 945 |
_aacv _d2019-04-17 |
||